03364cam a2200445 i 450000100090000000300090000900500170001800800410003502000180007603500240009404001270011808200230024513000520026824501130032025000190043326400380045226400100049030000470050033600260054733700280057333800270060149000290062850001150065750400510077250509730082352005840179665000550238065000630243565000290249865300170252765500170254470000290256170000300259070000310262077600350265190600450268694200120273199900170274395201580276022127591EG-ScBUE20240613100452.0210713t2025 stka f b 001 0 eng d a9780323881326 a(OCoLC)on1019998375 aNLMbengerdacNLMdBDXdUKOBUdZRSdUKMGBdOCLCFdYDXdEQOdAU@dQGKdNJBdOCLCOdNLHHGdOCLCAdU@MdOCLCOdDLCdEG-ScBUE04222a616.80462bPHY0 aPhysical management in neurological conditions.10aPhysical management for neurological conditions /cedited by Sheila Lennon, Gita Ramdharry, Geert Verheyden. aFifth edition. 1a[Edinburgh?] :bElsevier,c[2025] 4cc2025 axiii, 714 pages :billustrations ;c24 cm. atextbtxt2rdacontent aunmediatedbn2rdamedia avolumebnc2rdacarrier0 aPhysiotherapy essentials aPreceded by Physical management in neurological conditions / edited by Maria Stokes, Emma Stack. 3rd ed. 2011. aIncludes bibliographical references and index.0 aSection 1. Background knowledge. 1. Guiding principles of neurological rehabilitation -- 2. Common impairments and the impact on activity -- 3. Observation and analysis of movement -- 4. Measurement tools -- 5. Goal setting in stroke rehabilitation -- 6. Respiratory management -- Section 2. Management of specific conditions. 7. Stroke -- 8. Traumatic brain injury -- 9. Spinal cord injury -- 10. Multiple sclerosis -- 11. Parkinson's -- 12. Inherited neurological conditions -- 13. Motor neuron disease -- 14. Polyneuropathies -- 15. Muscle disorders -- 16. Functional motor disorders -- Section 3. Specific aspects of management. 17. Self-management -- 18. Virtual rehabilitation: virtual reality and interactive gaming technologies in neurorehabilitation -- 19. Falls and their management -- 20. Physical activity and exercise -- 21. Vestibular rehabilitation -- 22. Pain management -- 23. Clinical neuropsychology in rehabilitation -- 24. Complex case management. a"Following the success of the previous three editions, Physical Management for Neurological Conditions 4th edition remains the most up-to-date evidence-based textbook for undergraduate students in health professions and qualified therapists. Written by an international team of clinicians and researchers, it is applicable to a number of healthcare systems, with a special focus on physiotherapy. New chapters have been added to cover both common and rare conditions, such as Hereditary Disorders, Functional Motor disorders and Neuromuscular diseases."--Publisher's description. 7aNervous systemxDiseasesxPhysical therapy.2BUEsh 7aNervous systemxDiseasesxPatientsxRehabilitation.2BUEsh 7aPhysical therapy.2BUEsh cJune2024bPT vReading book1 aLennon, Sheila,eeditor.1 aRamdharry, Gita,eeditor.1 aVerheyden, Geert,eeditor.08iebook version :z9780702077234 a7bcbccpccadapd2encipf20gy-gencatlg 2ddccBB c30781d30752 00102ddc40708BaccahaMAINbMAINc1STd2024-06-13ePurchaseg2547.00h38282l0o616.80462 PHYp000057135r2025-07-15 00:00:00v3184.00w2024-06-13yBB